000
00310nam a2200121Ia 4500
008
220204s9999 xx 000 0 und d
082
_a
69.001.3(035)
_b
MEI
100
_a
Meir, H W
245
0
_a
Construction specifications handbook
250
_a
Ed.2
260
_a
New Jersey
_b
Prentice Hall
_c
1978
942
_c
BK
999
_c
30648
_d
30648